00683 2200241 4500001002100000005001500021035002000036007000300056008004100059020002200100082001000122084001600132100002500148245007700173250001000250260003800260300005200298650002500350700001800375504002600393990001100419990001100430INLIS00000000000425320191017021104 a0010-1019000105ta191017 g 0 ind  a978-979-002-676-6 a631.5 a631.5 FAT a0 aFATHULLAH, Abu Sairi1 aAkuaponik :bPanen Sayur Bonus Ikan /cFathullah Abu Sairi, N.S. Budiana acet.6 aJakarta :bPenebar Swadaya,c2018 a82 hlm. :bilus. ;c23 cm.-- Seri Urban Farming 4aPERTANIAN. AKUAPONIK0 aBUDIANA, N.S. aBibliografi : hlm. 82 a6995 a a6995 b